Grassroots movements and social change (Record no. 379608)

000 -LEADER
fixed length control field 00461cam a22001457a 4500
008 - FIXED-LENGTH DATA ELEMENTS--GENERAL INFORMATION
fixed length control field 180718b1995 xxu||||| |||| 00| 0 eng d
082 ## - DEWEY DECIMAL CLASSIFICATION NUMBER
Classification number B19 C361
245 ## - TITLE STATEMENT
Title Grassroots movements and social change
Statement of responsibility, etc. edited by Neera Chandhoke and Ashish Ghosh
260 ## - PUBLICATION, DISTRIBUTION, ETC.
Place of publication, distribution, etc. Delhi
Name of publisher, distributor, etc. Developing Countries Research Centre
Date of publication, distribution, etc. 1995
300 ## - PHYSICAL DESCRIPTION
Extent 200p.
440 ## - SERIES STATEMENT/ADDED ENTRY--TITLE
Title Grassroots politics series; 1
650 ## - SUBJECT ADDED ENTRY--TOPICAL TERM
Topical term or geographic name entry element Social change.
700 ## - ADDED ENTRY--PERSONAL NAME
Personal name Ghosh, Ashish
700 ## - ADDED ENTRY--PERSONAL NAME
Personal name Chandhoke, Neera
Holdings
Withdrawn status Lost status Damaged status Not for loan Permanent Location Current Location Date acquired Full call number Barcode Date last seen Price effective from Koha item type
        Indian Institute of Public Administration Indian Institute of Public Administration 1997-03-16 B19 C361 70832 2018-07-21 2018-07-21 Book

Powered by Koha